| 000 | 00560 a2200193 4500 | ||
|---|---|---|---|
| 003 | NUST | ||
| 020 | _a0750663200 | ||
| 038 | _akhadija | ||
| 082 | 0 | 4 |
_a620.0015 _bZIE |
| 100 | 1 |
_aZienkiewicz, O. C. _98922 |
|
| 245 | 1 | 4 |
_aThe finite element method : _bits basis and fundamentals / _cO. C. Zienkiewicz, R. L. Taylor, J.Z. Zhu. |
| 250 | _a6th ed. | ||
| 260 |
_a[S.l.] : _bButterworth-Heinemann, _c2000. |
||
| 300 |
_a752 p. ; _c25 cm. |
||
| 563 | _ahardcover | ||
| 700 | 1 |
_aTaylor, R. L. _98923 |
|
| 700 | 1 |
_aZhu, J.Z. _98924 |
|
| 942 |
_aSNS _cBK _k518.25 ZIE _2ddc |
||
| 999 |
_c33193 _d33193 |
||